Fundamentals of Management, 9e
Uloženo v:
| Hlavní autor: | |
|---|---|
| Médium: | Kniha |
| Vydáno: |
Pearson
|
| Tagy: |
Žádné tagy, Buďte první, kdo vytvoří štítek k tomuto záznamu!
|
MARC
| LEADER | 00000nam a2200000Ia 4500 | ||
|---|---|---|---|
| 005 | 20260513122052.0 | ||
| 020 | |a 9789332574120 | ||
| 100 | |a Robbins | ||
| 365 | |c Rs. | ||
| 365 | |b 25.00 | ||
| 942 | |c BK | ||
| 245 | |a Fundamentals of Management, 9e | ||
| 260 | |b Pearson | ||
| 999 | |c 63 |d 63 | ||
| 952 | |0 0 |1 0 |4 0 |7 0 |a UNSW |b UNSW |d 2026-05-06 |g 990.00 |i 16682 |l 0 |p 000135 |r 2026-05-13 12:20:52 |v 990.00 |w 2026-05-13 |y BK | ||